Mayombe (Registo nº 1400)

Detalhes MARC
000 -Etiqueta do registo
Cabeçalho 00670nam0a2200241 4500
005 - Identificador da versão
Campo de controlo 20240813121835.0
010 ## - Número internacional normalizado dos livros (ISBN)
Número (ISBN) 972202499X
021 ## - Número do Depósito Legal
Código do país PT
Número 195593/03
100 ## - Dados gerais de processamento
Dados gerais de processamento 20150428d2003 m y0pory5003 ba
102 ## - Pais de publicação ou produção
País de publicação Portugal
101 0# - Língua de publicação
Língua do texto, banda sonora, etc. Português
215 ## - Descrição física 
Indicação específica da natureza do documento e extensão da espécie 191 p
200 1# - Titulo e menção de responsabilidade
Título próprio Mayombe
Informação de outro título romance
Primeira menção de responsabilidade Pepetela
225 2# - Colecção 
Título próprio da colecção Grandes Autores de Língua Portuguesa
Indicação de volume 8
210 ## - Publicação, Distribuição, etc. 
Lugar da edição, distribuição, etc. Paço de Arcos
Nome do editor, distribuidor, etc. Visão
Lugar da edição, distribuição, etc. Lisboa
Nome do editor, distribuidor, etc. Dom Quixote
Data da publicação, distribuição, etc. 2003
606 ## - Nome comum usado como assunto
Número de registo de entrada de autoridade 0002209
Palavra de ordem Literatura angolana
Subdivisão de assunto Romance
Código do sistema CA
675 ## - Classificação Decimal Universal (CDU)
Notação 821.134.3(673)-31
Edição 3ª ed.
Língua da edição por
700 #1 - Nome de autor-pessoa física (responsabilidade principal)
Número de registo de entrada de autoridade 0001989
Palavra de ordem Pepetela
966 ## - Identificação da Biblioteca
Sigla EB2,3ENM
942 ## - Elementos de entrada adicionados (Koha)
Tipo de item no Koha Livro
Exemplares
Situação do levantamento Origin of item (home branch) (coded) Biblioteca de empréstimo Código de barras Cota Circulation type (not for loan) Tipo de documento Nota do exemplar Damaged status
  Biblioteca Escolar Eng. Nuno Mergulhão Biblioteca Escolar Eng. Nuno Mergulhão BENM3483 82LE-3 PEP   Livro Sem mensagem